[Event "31st open TETEVEN"]
[Site "Teteven"]
[Date "2016.08.18"]
[Round "6.2"]
[White "Yordanov, Lachezar"]
[Black "Danov, Lyubomir"]
[Result "1/2-1/2"]
[WhiteElo "2267"]
[BlackElo "2342"]
[PlyCount "82"]
[EventDate "2016.08.13"]
[EventType "swiss"]
[EventRounds "9"]
[EventCountry "BUL"]

1. d4 Nf6 2. c4 e6 3. Nf3 d5 4. Nc3 c6 5. cxd5 exd5 6. Qc2 g6 7. Bg5 Be7 8. e3
Bf5 9. Bd3 Bxd3 10. Qxd3 O-O 11. O-O Nbd7 12. Rab1 a5 13. Rfc1 Re8 14. Nd2 ({RR
} 14. Bxf6 Bxf6 15. Na4 Be7 16. Nd2 Bd6 17. Nb3 Qe7 18. g3 Rec8 19. Nbc5 Bxc5
20. Nxc5 Nxc5 21. Rxc5 b6 22. Rc3 c5 23. dxc5 Rxc5 24. Rxc5 Qxc5 25. Rd1 Rd8
26. Qb3 Rd6 27. Rd4 Kf8 28. a4 h5 {
Obolenskikh,D-Mjakonkikh,D/Angarsk 2015/EXT 2016/1-0 (81)}) 14... Nf8 $146 ({RR
} 14... Kg7 15. Qc2 ({RR} 15. h3 Nf8 16. a3 a4 17. Bxf6+ Bxf6 18. b3 axb3 19.
Rxb3 Qd7 20. Nf3 Ne6 21. Qb1 b5 22. Ne1 Be7 23. Qb2 Nd8 24. Na2 Nb7 25. Nd3 Na5
26. Ne5 Qe6 27. Nb4 Nc4 28. Qc3 Rec8 29. Ned3 Ra7 {
Pridorozhni,A (2555)-Popov,I (2599)/Moscow 2012/CBM 147/0-1 (83)}) 15... Bd6
16. Nf1 Qe7 17. f3 Qe6 18. Re1 c5 19. Nb5 Rac8 20. Qd2 b6 21. Bf4 Bb8 22. dxc5
Bxf4 23. exf4 Qc6 24. Rxe8 Rxe8 25. Nd4 Qxc5 26. Rc1 Qe7 27. Ng3 Kg8 28. f5 Nc5
29. fxg6 {Benko,P (2395)-Polgar,S (2485)/Budapest 1998/EXT 1999/0-1 (54)}) ({RR
} 14... Nh5 15. Bxe7 Qxe7 16. Na4 f5 17. g3 Nhf6 18. Qb3 Qb4 19. a3 Qxb3 20.
Nxb3 Ne4 21. Rc2 Nd6 22. Nac5 Nf8 23. a4 g5 24. Nd3 Ng6 25. Nbc5 Re7 26. b4 Nc4
27. Ra2 axb4 28. Rxb4 b6 29. Nb3 {Roselli Mailhe,B (2385)-Diaz Hollemaert,N
(2419)/Sao Paulo 2008/CBM 126 Extra/0-1 (101)}) ({RR} 14... Ng4 15. Bxe7 Qxe7
16. Nf3 Ngf6 17. Nd2 Ng4 18. Nf3 Nh6 19. a3 Nf5 20. Na4 Nd6 21. Nc5 Nc4 22.
Nxd7 Qxd7 23. Nd2 b5 24. Nf3 Qd6 25. Rc2 Reb8 26. Nd2 Rb6 27. Rbc1 Rab8 28. h3
Qf6 29. Re1 {Acebal Muniz,A (2203)-Gonzalez Menendez,I (2401)/Gijon 2007/CBM
119 Extra/0-1 (44)}) 15. f3 Nh5 16. Bxe7 Qxe7 17. Re1 Ne6 18. Nf1 Rad8 19. a4
Qd6 20. Rbd1 f5 21. f4 c5 22. Nb5 Qb6 23. g3 Nf6 24. Nd2 cxd4 25. exd4 Ne4 26.
Nf3 Nc7 27. Nxc7 Qxc7 28. Qb3 Re6 29. Rc1 Qb6 30. Re3 Rdd6 31. Rc8+ Kg7 32. Rd3
Rc6 33. Rb8 Re7 34. Ne5 Rc1+ 35. Kg2 Qc7 36. Ra8 Rc2+ 37. Kg1 Nd2 38. Qxd5 Rxb2
39. Rg8+ Kf6 40. Rf8+ Kg7 41. Rg8+ Kf6 1/2-1/2

[Event "31st open TETEVEN"]
[Site "Teteven"]
[Date "2016.08.18"]
[Round "6.3"]
[White "Raev, Rostislav"]
[Black "Stojanov, Alexandar"]
[Result "1-0"]
[WhiteElo "2257"]
[BlackElo "2121"]
[PlyCount "83"]
[EventDate "2016.08.13"]
[EventType "swiss"]
[EventRounds "9"]
[EventCountry "BUL"]

1. c4 d6 2. Nc3 g6 3. g3 Bg7 4. Bg2 e5 5. e3 Nc6 6. Nge2 Nf6 7. O-O O-O 8. d4
exd4 9. exd4 Re8 ({RR} 9... Rb8 10. b3 Bf5 11. Ba3 Re8 12. Qd2 Qd7 13. Rfe1 Bh3
14. Bh1 b6 15. Bb2 a6 16. Nf4 Ne7 17. Nxh3 Qxh3 18. Bg2 Qh5 19. Ne4 Nxe4 20.
Rxe4 b5 21. Rae1 Kf8 22. d5 Bxb2 23. Qxb2 Ng8 24. g4 {
Baldarov,A-Oydup,A/Ulan Ude 2014/CBM 161 Extra/1/2 (41)}) 10. h3 h6 11. b3 $146
({RR} 11. Be3 Ne7 12. Qc2 ({RR} 12. g4 h5 13. g5 Nh7 14. Qd2 c6 15. f4 {
1/2 Kaposztas,M (2183)-Barva,A (2390)/Hungary 2008/EXT 2009}) 12... d5 13. Rad1
dxc4 14. Qa4 c6 15. Qxc4 Ned5 16. Bc1 Be6 17. Qa4 Qb6 18. Nxd5 Bxd5 19. Nc3 Be4
20. Bf3 Bxf3 21. Kh2 Bg2 22. Kxg2 Rad8 23. Rd3 a6 24. Rfd1 Nd5 25. Nxd5 Rxd5 {
Oll,L (2645)-Tkachiev,V (2615)/Groningen 1997/CBM 063/1/2 (47)}) 11... Bf5 12.
Bb2 h5 13. d5 Nb4 14. Qd2 Na6 15. Nd4 Bd7 16. Rae1 Nc5 17. b4 Na4 18. Nxa4 Bxa4
19. f4 Rxe1 20. Rxe1 Nd7 21. b5 Nc5 22. f5 Qf6 23. Ba1 gxf5 24. Ne6 Qh6 25.
Qxh6 Bxh6 26. Nxc7 Rc8 27. Re8+ Rxe8 28. Nxe8 f4 29. Nxd6 fxg3 30. Bd4 b6 31.
Bxc5 bxc5 32. Nf5 Bf4 33. d6 Bc2 34. d7 Bg5 35. Nd6 Kf8 36. Nb7 Bf5 37. d8=Q+
Bxd8 38. Nxd8 Bd3 39. Bd5 h4 40. Nxf7 Ke7 41. Ne5 Bf5 42. Kg2 1-0

[Event "31st open TETEVEN"]
[Site "Teteven"]
[Date "2016.08.18"]
[Round "6.4"]
[White "Janev, Pavel"]
[Black "Bakker, Martijn"]
[Result "1-0"]
[WhiteElo "2254"]
[BlackElo "2099"]
[PlyCount "93"]
[EventDate "2016.08.13"]
[EventType "swiss"]
[EventRounds "9"]
[EventCountry "BUL"]

1. e4 d6 2. d4 Nf6 3. Nc3 Nbd7 4. f4 e5 5. Nf3 exd4 6. Qxd4 c6 7. e5 dxe5 8.
fxe5 Bc5 9. Qh4 Qe7 10. Bf4 Bb4 11. O-O-O Bxc3 12. bxc3 $146 ({RR} 12. exf6
Bxf6 13. Qg3 ({RR} 13. Bg5 O-O 14. Re1 Qc5 15. Bc4 b5 16. Bb3 a5 17. a3 a4 18.
Ba2 h6 19. Bxf6 Nxf6 20. Re5 Nd5 21. Rd1 Be6 22. Nd4 Rae8 23. Qg3 Bd7 24. Nxc6
Rxe5 25. Qxe5 Bxc6 26. Bxd5 Kh8 27. Qc3 Qxc3 {
Klovans,J (2492)-Schmaltz,R (2508)/Leinfelden 2000/EXT 2003/1/2 (45)}) 13...
O-O 14. Bc4 ({RR} 14. Bd6 Qe3+ 15. Kb1 Qb6 16. b3 Re8 17. Bc4 Nc5 18. Ng5 Bxg5
19. Qxg5 Ne4 20. Bxf7+ Kxf7 21. Qh5+ g6 22. Qxh7+ Kf6 23. Rhf1+ Bf5 24. g4 Nc3+
25. Ka1 Nxd1 26. Rxf5+ gxf5 27. Qxf5+ Kg7 28. Qg5+ Kf7 {
Kuijf,M (2490)-Seret,J (2405)/Lyon 1990/CBM 018/1/2}) 14... Qe4 ({RR} 14... Qb4
15. Bb3 Nc5 16. Bd6 Bf5 17. Bxf8 Rxf8 18. Rhf1 Nxb3+ 19. axb3 Bxc2 {
1/2 Yudasin,L (2610)-Rivas Pastor,M (2515)/Dos Hermanas 1993/CBM 036}) 15. Bd3
Qa4 16. Ng5 Bxg5 17. Bxg5 Nc5 18. Be7 Nxd3+ 19. Rxd3 Re8 20. Bf6 Qg4 21. Qc7
Qxg2 22. Rhd1 Bf5 23. R3d2 Qe4 24. Bc3 b5 25. a3 h5 26. Kb1 Bg6 {
Langwieser,A (2095)-Menezes,C (2291)/Lienz 2015/CBM 164 Extra/0-1 (52)}) 12...
Qa3+ 13. Kb1 Ne4 14. Rd3 O-O 15. Bc1 Qa4 16. Rd4 Nxc3+ 17. Kb2 Qa5 18. Bd3 g6
19. Bh6 Nd5 20. e6 fxe6 21. Bxf8 Nxf8 22. Rf1 Qc3+ 23. Kb1 Qa3 24. Bc4 Nc3+ 25.
Ka1 Na4 26. Bxe6+ Bxe6 27. Rxa4 Qc3+ 28. Kb1 b5 29. Qd4 Qxd4 30. Rxd4 Bd5 31.
Re1 a5 32. Re7 Rd8 33. Kb2 Rd7 34. Rxd7 Nxd7 35. Nd2 Nb6 36. g3 Na4+ 37. Rxa4
bxa4 38. c4 Bg2 39. Ka3 Kf7 40. Kxa4 Ke6 41. Kxa5 Ke5 42. c5 Kd4 43. Kb6 Bd5
44. a4 Be6 45. a5 Bc8 46. Nb3+ Kc4 47. a6 1-0

[Event "31st open TETEVEN"]
[Site "Teteven"]
[Date "2016.08.18"]
[Round "6.5"]
[White "Janakiev, Ivan"]
[Black "Kostov, Galin"]
[Result "1-0"]
[WhiteElo "2077"]
[BlackElo "2181"]
[PlyCount "53"]
[EventDate "2016.08.13"]
[EventType "swiss"]
[EventRounds "9"]
[EventCountry "BUL"]

1. d4 Nf6 2. c4 g6 3. Nc3 Bg7 4. e4 d6 5. f4 c5 6. d5 O-O 7. Nf3 e6 8. Be2 exd5
9. exd5 Re8 10. O-O a6 11. a4 Bf5 12. Bd3 Ne4 13. Nxe4 Bxe4 14. Bxe4 Rxe4 15.
Ng5 Rxc4 16. Qe2 Rb4 17. f5 $146 ({RR} 17. Nxf7 Bd4+ 18. Kh1 Kxf7 19. Qe6+ Kg7
20. f5 Qf6 21. Qc8 Qf7 22. f6+ Bxf6 23. Bg5 Nd7 24. Qxa8 Qxd5 25. Bxf6+ Nxf6
26. Qd8 {1-0 Radice,L (2088)-Burlando,A (2178)/Milan 2009/EXT 2012}) 17... Be5
18. fxg6 fxg6 19. Ne6 Qe8 20. Rf8+ Qxf8 21. Nxf8 Kxf8 22. Qf3+ Ke8 23. Qh3 Nd7
24. Bg5 Nf8 25. Rf1 Bd4+ 26. Kh1 Rxb2 27. Qf3 1-0

[Event "31st open TETEVEN"]
[Site "Teteven"]
[Date "2016.08.18"]
[Round "6.7"]
[White "Nikolaev, Georgi"]
[Black "Monev, Aleksandar"]
[Result "0-1"]
[WhiteElo "1903"]
[BlackElo "2167"]
[PlyCount "76"]
[EventDate "2016.08.13"]
[EventType "swiss"]
[EventRounds "9"]
[EventCountry "BUL"]

1. e4 c5 2. Nf3 e6 3. d4 cxd4 4. Nxd4 Nc6 5. Nc3 Qc7 6. Be3 a6 7. Be2 Nf6 8.
O-O Bb4 9. f3 O-O 10. Qe1 d5 11. Qh4 Nxd4 12. Bxd4 e5 13. Qg3 Bd6 14. Bf2 $146
({RR} 14. Be3 Bc5 15. Bxc5 Qxc5+ 16. Qf2 d4 17. Bd3 Qb4 18. Nd5 Nxd5 19. exd5
Qd6 20. f4 Qxd5 21. fxe5 Qxe5 22. Rae1 Qd6 23. Re4 Be6 24. Rxd4 Qb6 25. Bxh7+ {
1-0 Schleipfenbauer,F (2124)-Roufs,G (2006)/Maastricht 2011/CBM 142 Extra})
14... d4 15. Nd1 Qxc2 16. Re1 Bb4 17. Bf1 Bxe1 18. Bxe1 Re8 19. Qf2 Qxf2+ 20.
Nxf2 Be6 21. Nd3 Bc4 22. b3 Bxd3 23. Bxd3 Rac8 24. a4 g6 25. a5 Kg7 26. Bc4 Nh5
27. Kf2 f5 28. g3 Nf6 29. Bd3 fxe4 30. fxe4 Ng4+ 31. Kg1 Rc6 32. Bd2 Ne3 33. h3
Rf8 34. Bxe3 dxe3 35. Re1 Rc3 36. Bc4 Rf3 37. Kg2 e2 38. Rxe2 Rxg3+ 0-1

[Event "31st open TETEVEN"]
[Site "Teteven"]
[Date "2016.08.18"]
[Round "6.8"]
[White "Galunov, Todor"]
[Black "Pashev, Dimitar"]
[Result "1-0"]
[WhiteElo "2287"]
[BlackElo "1991"]
[PlyCount "123"]
[EventDate "2016.08.13"]
[EventType "swiss"]
[EventRounds "9"]
[EventCountry "BUL"]

1. Nf3 Nf6 2. g3 d5 3. Bg2 c6 4. c4 g6 5. b3 Bg7 6. Bb2 O-O 7. O-O Bg4 8. d3
Bxf3 9. Bxf3 Nbd7 10. Nc3 ({RR} 10. Qc2 Re8 11. e3 e6 12. Nd2 h5 13. Rac1 Ng4
14. d4 Nh6 15. b4 Nf6 16. a4 a6 17. b5 axb5 18. axb5 Nf5 19. Ra1 Qe7 20. Qb3
Bf8 21. Bc3 Nd6 22. Bb4 Qd7 23. b6 Rxa1 24. Rxa1 Nxc4 {
Ivanchuk,V (2771)-Karpov,A (2616)/Cap d'Agde 2012/EXT 2013/0-1 (70)}) ({RR} 10.
Nd2 e5 11. cxd5 cxd5 12. Rc1 Re8 13. Bg2 Qa5 14. a3 Rad8 15. b4 Qb5 16. Nb3 Rc8
17. Bh3 Rxc1 18. Qxc1 e4 19. Qa1 Nh5 20. Bxg7 Nxg7 21. Nd4 Qa4 22. dxe4 dxe4
23. Rc1 Ne5 24. Rc5 b6 {Gomez Jurado,L (2336)-Capellades Subirana,M (2153)/
Barcelona 2015/EXT 2016/0-1 (62)}) 10... d4 11. Ne4 $146 ({RR} 11. Nb1 e5 12.
Nd2 a5 13. Qc2 Re8 14. a3 Qb6 15. Rab1 c5 16. Bc1 Ra7 17. Rb2 Qd6 18. Qb1 Rb8
19. b4 axb4 20. axb4 cxb4 21. Rxb4 b6 22. Rb5 Ra5 23. Ne4 Nxe4 24. Bxe4 Bf8 25.
Bd2 Rxb5 {Kolbus,D (2315)-Baerner,H (2126)/Germany 2004/EXT 2006/1-0 (69)})
11... Nxe4 12. Bxe4 f5 13. Bg2 e5 14. b4 h5 15. b5 cxb5 16. cxb5 Nc5 17. Ba3
Rc8 18. Bxc5 Rxc5 19. Qb3+ Kh7 20. Bxb7 Qb6 21. Bc6 a6 22. Rac1 axb5 23. Rxc5
Qxc5 24. Bxb5 e4 25. Qc4 Qe5 26. Bc6 Rc8 27. Qd5 Qf6 28. Bb5 Rd8 29. Qc6 Qe5
30. Rc1 Rd6 31. Qc7 h4 32. Rc5 Qf6 33. Rc6 Rxc6 34. Bxc6 hxg3 35. hxg3 Qg5 36.
Kg2 Qd2 37. dxe4 fxe4 38. Bxe4 Qxa2 39. Qd6 Qf7 40. f4 Qf6 41. Qd7 Qa6 42. Bd3
Qa8+ 43. Kh2 Qf8 44. Qe6 Qf6 45. Qe8 Qd6 46. Kg2 Qd5+ 47. Be4 Qh5 48. Bd3 Qd5+
49. Kf2 Qh5 50. Kg2 Qd5+ 51. Kg1 Qd6 52. Qe4 Bh6 53. Kg2 Qf6 54. Kf3 Bf8 55. g4
Bh6 56. g5 Bxg5 57. Qxg6+ Qxg6 58. Bxg6+ Kxg6 59. fxg5 Kxg5 60. Ke4 Kf6 61.
Kxd4 Ke6 62. Ke4 1-0

[Event "31st open TETEVEN"]
[Site "Teteven"]
[Date "2016.08.18"]
[Round "6.9"]
[White "Popov, Petar"]
[Black "Dokuzov, Yaroslav"]
[Result "1-0"]
[WhiteElo "2128"]
[BlackElo "1893"]
[PlyCount "61"]
[EventDate "2016.08.13"]
[EventType "swiss"]
[EventRounds "9"]
[EventCountry "BUL"]

1. c4 c6 2. b3 d5 3. Bb2 Nf6 4. Nf3 Bf5 5. g3 e6 6. Bg2 Bd6 7. O-O O-O 8. d3
Re8 ({RR} 8... h6 9. Nbd2 Bh7 10. e4 dxe4 11. dxe4 Nxe4 12. Nxe4 Bxe4 13. Qd4
Qf6 14. Qxf6 gxf6 15. Bxf6 Nd7 16. Bh4 Bxf3 17. Bxf3 Ne5 18. Bh5 Kg7 19. Rfe1
Ng6 20. Bxg6 fxg6 21. Rxe6 Bc5 22. g4 Rf4 23. h3 {
Garcia Gonzales,G (2500)-Meduna,E (2485)/Sochi 1986/MCL/1-0 (74)}) 9. Nbd2 e5
$146 ({RR} 9... Bg6 10. Re1 e5 11. cxd5 cxd5 12. Nh4 Nc6 13. Nxg6 hxg6 14. h3
Bc5 15. e3 Rc8 16. a3 a5 17. Nf3 Qb6 18. Rc1 Bd6 19. h4 Rcd8 20. Ng5 Qc7 21.
Rc2 Qe7 22. Qa1 Nb8 23. Rec1 Nbd7 24. d4 {
Rothe,G (2156)-Homburg,D (2022)/Germany 2010/EXT 2011/1-0 (93)}) ({RR} 9...
Nbd7 10. Re1 ({RR} 10. Nh4 Bg6 11. Nxg6 hxg6 12. Qc2 Rc8 13. Rac1 Qe7 14. Nb1
e5 15. Nc3 d4 16. Ne4 Nxe4 17. Bxe4 Nf6 {
1/2 Tjurins,I-Kulesza,M/Tallinn 1997/EXT 1998}) 10... Qc7 11. e4 Bg4 12. h3
Bxf3 13. Nxf3 Bb4 14. Re2 dxe4 15. dxe4 Rad8 16. Qc2 h6 17. e5 Nh7 18. a3 Be7
19. b4 Rc8 20. c5 Nhf8 21. h4 b6 22. cxb6 Qxb6 23. Qa4 c5 24. b5 {
Hurta,J (1853)-Kubiniok,S (1436)/Karvina 2015/CBM 167 Extra/1/2 (40)}) 10. cxd5
cxd5 11. e4 Bg6 12. Nh4 d4 13. Nxg6 hxg6 14. Bh3 Nc6 15. f4 b5 16. a3 Qb6 17.
Rc1 Re7 18. Rc2 Rc7 19. Qc1 Rd8 20. Kg2 a6 21. Nf3 Kf8 22. Qd2 Kg8 23. Rfc1 Nd7
24. b4 Kf8 25. Bxd7 Rdxd7 26. fxe5 Bxe5 {Diagram #} 27. Rxc6 Rxc6 28. Rxc6 Qxc6
29. Nxe5 Qd6 30. Nxd7+ Qxd7 31. Qf2 1-0

[Event "31st open TETEVEN"]
[Site "Teteven"]
[Date "2016.08.18"]
[Round "6.10"]
[White "Andreev, Krasimir"]
[Black "Bochev, Krasimir"]
[Result "0-1"]
[WhiteElo "1879"]
[BlackElo "2126"]
[PlyCount "110"]
[EventDate "2016.08.13"]
[EventType "swiss"]
[EventRounds "9"]
[EventCountry "BUL"]

1. e4 g6 2. Nf3 Bg7 3. c3 c5 4. Bc4 Nc6 5. Bb3 d6 6. d3 Nf6 7. h3 O-O 8. Be3 b6
9. O-O Ba6 $146 ({RR} 9... Bb7 10. Re1 Qd7 11. Qd2 Rac8 12. Bh6 Rfe8 13. Bxg7
Kxg7 14. Ng5 e6 15. f4 Na5 16. Bc2 Rf8 17. Qf2 h6 18. Nf3 e5 19. fxe5 dxe5 20.
Nxe5 Qd6 21. Nf3 Qb8 22. Nbd2 Nh5 23. Rf1 Nf4 24. Nh4 {
Tsolaki,E-Pramateftaki,A/Kallithea 2008/EXT 2010/1-0 (56)}) 10. Re1 Ne5 11. Bc2
Rc8 12. a4 Nfd7 13. Nxe5 Nxe5 14. c4 Nc6 15. Nc3 Bb7 16. Qd2 Nd4 17. Bd1 e6 18.
Bh6 a5 19. Bxg7 Kxg7 20. Nb5 e5 21. Nxd4 exd4 22. g4 Qh4 23. Qf4 Qxh3 24. Qxd6
Rc6 25. Qg3 Qxg3+ 26. fxg3 Re6 27. Rf1 Re5 28. Rf4 f5 29. gxf5 gxf5 30. Bf3
fxe4 31. dxe4 Re6 32. Re1 Ref6 33. Rxf6 Rxf6 34. Kg2 Kf7 35. g4 Ke6 36. Kg3 Ke5
37. Be2 Rf4 38. Bd3 Bc8 39. Rh1 Rxg4+ 40. Kf2 Rg7 41. Rh5+ Kf4 42. Rh6 Rb7 43.
Rf6+ Ke5 44. Rf8 Be6 45. Rh8 Rf7+ 46. Ke1 Bd7 47. b3 Kf4 48. Kd2 Rg7 49. Rf8+
Ke5 50. Rh8 Rg2+ 51. Kc1 Rh2 52. Rd8 Bg4 53. Re8+ Kf4 54. Bf1 Ke3 55. e5 Rh1
0-1

[Event "31st open TETEVEN"]
[Site "Teteven"]
[Date "2016.08.18"]
[Round "6.11"]
[White "Varbanov, Varban"]
[Black "Cholakov, Nikolay"]
[Result "1/2-1/2"]
[WhiteElo "2032"]
[BlackElo "1778"]
[PlyCount "57"]
[EventDate "2016.08.13"]
[EventType "swiss"]
[EventRounds "9"]
[EventCountry "BUL"]

1. d4 Nf6 2. c4 g6 3. Nc3 d5 4. Nf3 Bg7 5. e3 O-O 6. b4 Be6 ({RR} 6... Bg4 7.
h3 ({RR} 7. Bb2 a5 8. a3 c6 9. h3 Bxf3 10. Qxf3 axb4 11. axb4 Rxa1+ 12. Bxa1
Qb6 13. Be2 Qxb4) 7... Bxf3 8. Qxf3 e5 ({RR} 8... a5 9. b5 c5 10. cxd5 ({RR} 
10. bxc6 bxc6 11. Rb1) 10... Nbd7 11. Ba3 cxd4 12. exd4 Nb6 13. d6 exd6 14. Be2
Rc8 15. O-O Nc4 16. Bc1 Nd7 17. Rd1 Ndb6 18. Nd5 Re8) ({RR} 8... c6 9. Bb2 ({RR
} 9. Bd2 Qd6 10. c5 Qc7 11. Qf4 Qxf4 12. exf4) 9... a5 10. b5 dxc4 11. Bxc4 Qd6
12. O-O Qb4 13. Qe2 Nbd7 14. a3 Qd6 15. a4 c5 16. Ba3 b6 17. Rfd1 Qc7 18. Nd5
Nxd5 19. Bxd5 Rac8 20. Rac1) 9. dxe5 ({RR} 9. cxd5 exd4 10. exd4 c6) 9... Nfd7
10. Bb2 Nc6 11. cxd5 ({RR} 11. Nxd5 Ncxe5 12. Qg3 ({RR} 12. Qf4 c6 13. Nc3 a5
14. a3 axb4 15. axb4 Qb6) 12... c6 13. Nc3 Nb6) 11... Nxb4 12. Qd1 c6 13. Be2 (
{RR} 13. e4) 13... Nxe5 14. O-O Nxd5 15. Nxd5 Qxd5 ({RR} 15... cxd5 16. Rb1 Qd7
17. Qb3 b6 18. Rbd1 Rad8 19. Bb5) 16. Qxd5 cxd5 17. Bxe5 Bxe5 18. Rab1 b6 19.
Rfd1 Rad8 20. Rb5 Bf6 {
1/2 Postny,E (2571)-Shirov,A (2710)/Germany 2005/CBM 110/[Krasenkow,M]}) ({RR} 
6... b6) 7. c5 Ne4 8. Bb2 h6 $146 ({RR} 8... Nd7 9. Bd3 ({RR} 9. Qc2) 9... Nxc3
10. Bxc3 Bg4 11. Qd2 Bxf3 12. gxf3 e5 13. Be2 a5 14. b5 exd4 15. Bxd4 Nxc5 16.
Bxg7 Kxg7 17. Rd1 Qe7 18. Qc3+ Kg8 19. Rxd5 Na4 20. Qb3 Nb6 21. Rd4 Rad8 22.
Rxd8 Rxd8 23. O-O {Posedaru,B (2354)-Lupulescu,C (2631)/Calimanesti Caciulata
2015/CBM 166 Extra/0-1 (31)}) ({RR} 8... c6 9. Bd3 Nxc3 10. Bxc3 Bg4 11. Be2
Nd7 12. O-O Bxf3 13. Bxf3 e5 14. Qb3 exd4 15. exd4 a6 16. a4 Re8 17. Rfe1 Nf8
18. b5 axb5 19. axb5 Rxa1 20. Rxa1 Ne6 21. bxc6 bxc6 22. Qa4 Qd7 23. g3 {
Posedaru,B (2351)-Shishkin,V (2473)/Calimanesti 2014/CBM 163 Extra/1/2 (108)})
9. Bd3 f5 10. Ne5 g5 11. f3 Nxc3 12. Bxc3 Nd7 13. Nxd7 Qxd7 14. f4 gxf4 15.
exf4 Rf6 16. O-O Kh8 17. Be2 Rg8 18. Bf3 Bf7 19. Re1 c6 20. Re3 Re6 21. Qe2
Rxe3 22. Qxe3 Bf6 23. Rd1 Qe8 24. Be1 Bh5 25. Bf2 Bg4 26. Bxg4 Rxg4 27. h3 Rg8
28. Qf3 Qf7 29. Rd2 1/2-1/2

[Event "31st open TETEVEN"]
[Site "Teteven"]
[Date "2016.08.18"]
[Round "6.13"]
[White "Todorov, Momchil"]
[Black "Dimov, Danail"]
[Result "1-0"]
[WhiteElo "2304"]
[BlackElo "1763"]
[PlyCount "37"]
[EventDate "2016.08.13"]
[EventType "swiss"]
[EventRounds "9"]
[EventCountry "BUL"]

1. e4 d5 2. exd5 Qxd5 3. Nc3 Qd6 4. d4 Nf6 5. Nf3 g6 6. Nb5 Qd8 7. Bf4 Na6 8.
c4 Bg7 9. Be2 O-O 10. O-O c6 11. Nc3 Bg4 12. Qd2 Nc7 13. Rad1 $146 ({RR} 13. h3
Bxf3 14. Bxf3 e6 15. Rad1 Qd7 16. Rfe1 Rad8 17. Bg5 Qc8 18. Qf4 Nce8 19. d5
cxd5 20. cxd5 Rd6 21. Bxf6 Bxf6 22. Ne4 Be7 23. Nxd6 Bxd6 24. Qa4 e5 25. Qxa7
f5 26. Be2 e4 27. Bb5 Bb8 {
Cawdery,D (2382)-Meintjes,J (1989)/Cape Town 2014/CBM 158 Extra/1-0 (48)})
13... a6 14. h3 Bxf3 15. Bxf3 Ne6 16. Be3 Nd7 17. Rfe1 Nc7 18. Na4 Rb8 19. Bf4
{...} 1-0

[Event "31st open TETEVEN"]
[Site "Teteven"]
[Date "2016.08.18"]
[Round "6.16"]
[White "Savov, Ilko"]
[Black "Babatov, Martin"]
[Result "1/2-1/2"]
[WhiteElo "1950"]
[BlackElo "1592"]
[PlyCount "50"]
[EventDate "2016.08.13"]
[EventType "swiss"]
[EventRounds "9"]
[EventCountry "BUL"]

1. e4 c6 2. Bc4 d5 3. Bb3 dxe4 4. Qh5 e6 5. Nc3 Nf6 6. Qh4 Nbd7 7. f3 exf3 8.
Nxf3 Nd5 $146 (8... Be7 $142 $17) ({RR} 8... Nc5 9. O-O Nxb3 10. axb3 Be7 11.
d3 Nd5 12. Qh5 Nxc3 13. bxc3 Bf6 14. Ng5 Qc7 15. Ne4 Qe5 16. Qf3 O-O 17. d4 Qf5
18. Nxf6+ Qxf6 19. Qxf6 gxf6 20. Rxf6 Rd8 21. Bf4 c5 22. Be5 cxd4 23. cxd4 {
Hoehne,V-Scholz,F (2240)/Germany 1996/EXT 1998/1-0 (70)}) 9. Qxd8+ Kxd8 10. Ng5
Ke8 11. O-O N7f6 12. Nxd5 exd5 13. c4 h6 14. Re1+ Be7 15. cxd5 Nxd5 16. Bxd5
cxd5 17. Nf3 Be6 18. d4 Bd6 19. Bd2 Rc8 20. Bc3 Kd7 21. Ne5+ Bxe5 22. Rxe5 Rc6
23. Rae1 h5 24. Rg5 g6 25. Kf2 Rhc8 1/2-1/2

[Event "31st open TETEVEN"]
[Site "Teteven"]
[Date "2016.08.18"]
[Round "6.23"]
[White "Galunov, Georgi"]
[Black "Georgiev, Nikolay"]
[Result "1/2-1/2"]
[WhiteElo "1846"]
[BlackElo "1537"]
[PlyCount "128"]
[EventDate "2016.08.13"]
[EventType "swiss"]
[EventRounds "9"]
[EventCountry "BUL"]

1. e4 e5 2. Nf3 Nc6 3. Bc4 Bc5 4. c3 Nf6 5. d3 d5 6. exd5 Nxd5 7. b4 Be7 8. b5
Na5 9. Nxe5 Bf6 10. Qh5 Be6 11. O-O Nxc4 $146 ({RR} 11... g6 12. Qe2 O-O 13.
Ba3 Re8 14. d4 Nxc4 15. Nxc4 Nf4 16. Qf3 Bxc4 17. Qxf4 Bxf1 18. Kxf1 Qd7 19.
Nd2 Qxb5+ 20. Kg1 Bg5 {
0-1 Gallissot,A (1820)-Benard,A (1790)/France 1998/EXT 2001}) 12. dxc4 Ne7 13.
Ng4 Bxg4 14. Qxg4 Qc8 15. Qe4 O-O 16. Be3 Re8 17. Bd4 Nf5 18. Qf4 Nxd4 19. cxd4
Qd7 20. Nd2 Bxd4 21. Rad1 Bb6 22. Nf3 Qe6 23. Rfe1 Qf6 24. Qd2 Rxe1+ 25. Rxe1
Rd8 26. Qd7 $2 h6 (26... Kf8 $142 $17 27. Qh3 Qb2 28. Qh4 f6 29. a4 h6 $17) 27.
Re8+ Rxe8 28. Qxe8+ Kh7 29. Qe4+ Qg6 30. Qxg6+ Kxg6 31. Kf1 Kf5 32. Ke2 Ke4 33.
a3 Bc5 34. a4 g5 35. h4 f6 36. Nh2 h5 37. g4 hxg4 38. hxg5 f5 39. f3+ Kf4 40.
g6 Bf8 41. fxg4 fxg4 42. c5 Kf5 43. c6 bxc6 44. bxc6 g3 45. Nf1 g2 46. Ne3+
Kxg6 47. Nxg2 Kf6 48. Kd3 Ke5 49. Kc4 a6 50. Ne3 Kd6 51. Kb4 Kxc6+ 52. Ka5 Kb7
53. Nd5 Bd6 54. Ne7 Bg3 55. Kb4 Be1+ 56. Kc4 a5 57. Kb5 Bb4 58. Nc6 Bc3 59.
Nxa5+ Bxa5 60. Kxa5 Ka7 61. Kb5 Kb7 62. Kc5 c6 63. a5 Ka6 64. Kxc6 Kxa5 1/2-1/2

[Event "31st open TETEVEN"]
[Site "Teteven"]
[Date "2016.08.18"]
[Round "6.29"]
[White "Bozov, Dimitar"]
[Black "Demirov, Todor"]
[Result "1/2-1/2"]
[WhiteElo "1764"]
[BlackElo "1461"]
[PlyCount "75"]
[EventDate "2016.08.13"]
[EventType "swiss"]
[EventRounds "9"]
[EventCountry "BUL"]

1. d4 Nf6 2. c4 e6 3. Nf3 b6 4. a3 Bb7 5. Nc3 Be7 6. Qc2 O-O 7. e4 d6 ({RR} 
7... d5 8. cxd5 exd5 9. e5 Ne4 10. Bd3 f5 11. exf6 Nxf6 12. O-O c5 13. dxc5
bxc5 14. Ng5 d4 15. Qb3+ Bd5 16. Nxd5 Qxd5 17. Bc4 {
1-0 Caetano,H (2204)-Moraes,M (1697)/Curitiba 2015/EXT 2016}) 8. Bf4 $146 ({RR
} 8. Bd3 h6 9. h4 Nbd7 10. Bf4 Ng4 11. Qe2 e5 12. Bd2 exd4 13. Nxd4 Nde5 14.
Bc2 Nf6 15. f3 Bc8 16. O-O-O Be6 17. Nxe6 fxe6 18. f4 Nc6 19. e5 dxe5 20. fxe5
Nd4 21. Qe1 Nxc2 22. Kxc2 Ng4 {Flohr,S-Poisl,A/Prague 1927/EXT 1999/1-0 (35)})
({RR} 8. Be2 Nbd7 9. O-O ({RR} 9. Bf4 Rc8 10. O-O c5 11. d5 e5 12. Bd2 Kh8 13.
g3 Ng8 14. Kh1 Ra8 15. Rg1 Bc8 16. Raf1 Ndf6 17. Nh4 Bh3 18. Ng2 Nd7 19. f4 Bf6
20. f5 Bg5 21. Nd1 Qf6 22. Nf2 Bxg2+ 23. Rxg2 Bxd2 {
Hasenbank,D (2013)-Raddatz,M (2041)/Hamburg 2010/EXT 2011/1-0 (89)}) 9... e5 ({
RR} 9... c6 10. Bg5 e5 11. dxe5 dxe5 12. Rad1 Qc7 13. Nh4 Rfe8 14. Nf5 Bf8 15.
Rd3 h6 16. Bc1 Nc5 17. Rg3 Kh8 18. f4 Rad8 19. fxe5 Qxe5 20. Bf4 Qe6 21. e5 Ng8
22. Ne3 Bc8 23. b4 Nd7 24. Bg4 {Feldman,S-Bailey,G/Dearborn 1986/EXT 2002/1-0})
10. b4 Re8 11. Bb2 Bf8 12. dxe5 dxe5 13. Rfd1 Qc8 14. Nd5 c5 15. b5 Nxd5 16.
cxd5 Bd6 17. Nd2 Qd8 18. Nc4 Bf8 19. Bg4 Bc8 20. a4 Qg5 21. Bf5 g6 22. Ra3 Bg7
{Martinez Duany,L (2464)-Fernandez Guillen,E (2292)/Havana 2014/CBM 160 Extra/
1-0 (63)}) 8... Nbd7 9. Rd1 Qc8 10. Bd3 c5 11. e5 Bxf3 12. gxf3 dxe5 13. dxe5
Nh5 14. Be3 Nxe5 15. Bxh7+ Kh8 16. Be4 Rb8 17. Qe2 Nf6 18. Bc2 Qb7 19. Ne4 Rbd8
20. Rg1 Rxd1+ 21. Kxd1 Rd8+ 22. Kc1 Qa6 23. Nd2 Qb7 24. Bg5 Nc6 25. Qf1 Nd4 26.
Ne4 Nxe4 27. Bxe4 Bxg5+ 28. Rxg5 Qd7 29. Qh3+ Kg8 30. Qh7+ Kf8 31. Qxg7+ $2 (
31. Kb1 $142 $11) 31... Ke7 32. Kb1 {Diagram #} Ne2 {Diagram #} (32... Nxf3
$142 $17) 33. Bd5 $8 $11 Qa4 {Diagram #} 34. Rg4 $4 (34. Rf5 $8 $11) 34... Qd1+
35. Ka2 Nc1+ 36. Kb1 Ne2+ (36... Nd3+ $142 37. Ka2 exd5 $19) 37. Ka2 Nc1+ 38.
Kb1 1/2-1/2